00361nam a2200133Ia 4500008004100000082000800041100002100049245006300070250000600133260003200139300001400171500002400185650001800209230524s9999 xx 000 0 und d bMIS aRama Kant Mishra 0aMother Earth: Problems of Protection of Global Environment a2 aBBSRbMagnum Printersc2006 a"V,224p;" aQuantity Number: 1 aEnvironmental